[Event "Turnier 40 / 120"]
[Site "Wien"]
[Date "2022.07.27"]
[Round "25"]
[White "Novag Diamond II H8 - 32 MHZ"]
[Black "Mephisto Berlin 68000 - 12 MHZ"]
[Result "0-1"]
[BlackElo "2138"]
[WhiteElo "2135"]

{Analyse ----> Komodo 13.02.} 1. e4 e5 2. Nf3 Nf6 3. Nxe5 d6 4. Nf3 Nxe4 5.
Qe2 Qe7 6. d3 Nf6 7. Bg5 Nbd7 8. Nc3 Qxe2+ 9. Bxe2 h6 10. Bh4 g6 11. O-O-O
Bg7 12. Nb5 Kd8 {Buchende} 13. Nd2 {Buchende} Nb6 {Buchbewertung Mephisto
Berlin 68000: -0,21 / lt. Komodo ist die Stellung exakt im Lot 0,00} 14.
Rhe1 {Buchbewertung Novag Diamond II: 0,00} Bd7 15. Nc3 g5 16. Bg3 Bc6 17.
Bf3 Nfd5 18. Nxd5 Bxd5 19. Bxd5 Nxd5 20. Kb1 f5 21. h4 Kd7 22. Re2? {klar
schwächer als hxg5, nach dem Textzug steht Schwarz bereits klar besser,
Komodo +1,40 mit der Fortsetzung Tae8} Rae8 23. Rde1 Rxe2 24. Rxe2 Bf6 25.
Bh2 {etwas besser ist noch h5, nach dem Textzug ist die Partie praktisch
verloren für Weiss, Komodo +2,30 mit der Fortsetzung gxh4} gxh4 26. Nf3 Rg8
27. c4 Nb4 28. Ne1 h5 29. f4 Nc6 {die Stellung ist bereits klar verloren
für Weiss, Komodo -2,70} 30. Nc2 {Novag Diamond II gibt sich noch Chancen:
-0,73} Nd4 {Mephisto Berlin 68000: +1,06} 31. Nxd4 Bxd4 32. a4 Rg4 33. b4
h3 34. gxh3 Rh4 35. Kc2 Rxh3 36. Kd2?? {deutlich besser ist noch Tg2 mit
ca. +2,50 für Schwarz, nach dem Textzug ist Schwarz bereits mit +4,00 im
Vorteil} h4 37. a5 Rf3 {Mephisto Berlin 68000 macht in dieser Partie alles
richtig, eine ganz starke Leistung er baut den Vorteil konsequent aus,
Komodo +6,00} 38. a6 bxa6 39. Rg2 h3 {Komodo +10,00} 40. Re2 Rf1 41. Bg3
Rg1 42. Bh2 c5 43. bxc5 dxc5 44. Kc2 Rg2 45. Rxg2 hxg2 {Rest geschenkt
-----> eine ganz starke Partie von Mephisto Berlin 68000 wo er ab dem
Mittelspiel konsequent den Vorteil ausbaut und seinem Gegner hier keine
Chance lässt.} 0-1
[/pgn]
[pgn]

[Event "Turnier 40 / 120"]
[Site "Wien"]
[Date "2022.07.28"]
[Round "26"]
[White "Mephisto Berlin 68000 - 12 MHZ"]
[Black "Novag Diamond II H8 - 32 MHZ"]
[Result "0-1"]
[BlackElo "2135"]
[WhiteElo "2138"]

{Analyse ----> Komodo 13.02.} 1. c4 c5 2. Nc3 Nc6 3. g3 g6 4. Bg2 Bg7 5.
Nf3 e5 6. O-O Nge7 7. d3 O-O 8. a3 d6 9. Rb1 a5 10. Bd2 {Buchende} Rb8
{Buchende} 11. Qc1 {Buchbewertung Mephisto Berlin 68000: +0,39} Nd4
{Buchbewertung Novag Diamond II: +0,07 / lt. Komodo steht Weiss etwas
besser mit ca. +0,70 / besser war b6 danach wäre die Stellung exakt im Lot
gewesen} 12. Nxd4 cxd4 13. Nb5 {etwas besser ist Sd5, Komodo +0,30 für
Weiss} Qb6??? {ein ganz schlechter Zug, danach ist Weiss bereits ganz klar
im Vorteil, Komodo +1,50 mit der Fortsetzung a4, nötig war Lg4} 14. Bg5?
{auch nicht gerade das Gelbe vom Ei, Komodo -0,80 mit der Fortsetzung Te8}
f6 {etwas schwächer als Te8, Komodo -1,00} 15. Bh6 {ein schwacher Zug,
danach ist praktisch der gesamte Vorteil dahin, Komodo +0,20 gür Weiss,
nötig war Ld2} Bxh6 16. Qxh6 Bd7 17. a4 Rbd8 18. b4 axb4 19. Rxb4 Qc5? {ein
schwacher Zug, danach ist Weiss wieder klar im Vorteil, Komodo +1,00 mit
der Fortsetzung Tfb1, deutlich besser ist Lc6 mit ca. +0,30 für Weiss} 20.
Rfb1 Nf5 {klar schwächer als b6, Komodo -1,40} 21. Bd5+ Kh8 22. Qh3? {ein
schwacher Zug, danach ist Weiss nur noch knapp im Vorteil, nötig war Dd2,
Komodo +0,50} Ne3? {ein schwacher Zug, nötig war Se7, Komodo -1,20} 23. Be6
Bxe6 24. Qxe6 Nf5 25. Qd5 Rd7 26. Na3 Rff7? {ein ganz schlechter Zug,
danach ist die Partie praktisch schon verloren, Komodo -2,00 besser war
Dxd5 mit ca. -1,20} 27. R1b3? {ebenfalls schwach, nötig war Dxc5, Komodo
+0,80 für Weiss} Kg7 28. Rb6 Kh8??? {ein absurder Zug, danach ist die
Partie sofort verloren, Komodo -2,60 mit der Fortsetzung Dxc5, nötig war
natürlich Dxd5 mit ca. +1,00 für Weiss} 29. Qf3?? {doch Mephisto Berlin
68000 verpasst den sofortigen Gewinn, Komodo +1,00} Qa5 30. R3b4 Kg7 31.
Nc2 Kg8? {ohne Worte, danach ist die Partie wieder verloren, Komodo -2,00,
nötig war Da8 mit ca. -0,60} 32. h3? {diese Stellung überfordert sichtlich
beide Geräte, deutlich schwächer als Sa1, Komodo +1,30} Qa7 33. Kf1?
{verspielt den gesamten Vorteil, danach ist die Stellung im Lot, Komodo
0,00 mit der Fortsetzung d5} Qa5? {hier werden ausschliesslich
Fehlentscheidungen getroffen, dieser Zug verliert wieder Komodo -2,00 mit
der Fortsetzung Sa1} 34. Qh1? {ohne Worte, Komodo +0,50 für Weiss} Kh8?
{ebenfalls ohne Worte, eine Partie auf erschreckend schwachem Niveau,
Komodo +1,20 für Weiss, diese Stellung überfordert beide Geräte hier wird
von einer weiteren Kommentierung abgesehen, man muss praktisch jeden
einzelnen Zug sonst kommentieren.} 35. Ne1 Rfe7 36. Qf3 Kg7 37. Ng2 Rf7 38.
e3 {die Stellung ist wieder im Lot, Komodo 0,00} Qa8 39. Qg4 dxe3 40. fxe3?
{falsche Schlagoption nötig war Sxe3, nach dem Textzug ist Schwarz bereits
im Vorteil, Komodo +1,00} h5 41. Qf3 Ne7 42. Qd1? {ein schlechter Zug,
deutlich besser ist g4, nach dem Textzug ist Schwarz bereits klar im
Vorteil, Komodo +1,50 mit der Fortsetzung d5} d5! 43. c5 Qc8 {klar
schwächer als d4, Komodo +1,00} 44. d4? {deutlich besser ist g4, nach dem
Textzug ist Schwarz bereits klar im Vorteil, Komodo +1,50 mit der
Fortsetzung Sc6} Nc6! 45. Rb1??? {dieser Zug verliert bereits die Partie,
Komodo -3,00 mit der Fortsetzung Tde7, nötig war Tb3} Rde7 46. h4 exd4 47.
exd4 Re4 48. Nf4 Nxd4 49. Kg2 Nf5 50. Qb3??? {ein absoluter Verlustzug,
danach ist endgültig alles vorbei, Komodo -8,00 mit der Fortsetzung Sxh4+,
deutlich mehr Widerstand leistet noch Kh2 verliert aber auch schon mit
-3,50} Nxh4+ 51. Kh1 Qg4 52. Rxb7 {Komodo Matt in 11 mit der Fortsetzung
Txf4} Rxf4! 53. Rxf7+ Kh6 54. Qb2 Qxg3 55. Rh7+ {Mephisto Berlin 68000:
Selbstmatt in 7 ------> aufgegeben !} 0-1
[/pgn]
[pgn]

[Event "Turnier 40 / 120"]
[Site "Wien"]
[Date "2022.07.28"]
[Round "27"]
[White "Novag Diamond II H8 - 32 MHZ"]
[Black "Mephisto Berlin 68000 - 12 MHZ"]
[Result "0-1"]
[BlackElo "2138"]
[WhiteElo "2135"]

{Analyse ----> Komodo 13.02.} 1. e4 c5 2. Nf3 d6 3. d4 cxd4 4. Nxd4 Nf6 5.
Nc3 a6 6. Bg5 e6 7. f4 Nbd7 8. Qf3 Qc7 9. O-O-O b5 10. Bxb5 axb5 11. Ndxb5
Qb8 12. e5 Ra5 13. exf6 {Buchende} gxf6 {Buchende} 14. Bh4???
{Buchbewertung Novag Diamond II: -1,61 / gleich der 1. berechnete Zug ist
ganz schlecht, richtige wäre Lh6 gewesen (das hatte übrigens Mephisto
Berlin 68000 noch im Buch), nach dem Textzug ist die Partie praktisch schon
verloren für Weiss, Komodo +1,60 für Schwarz entspricht also der Bewertung
von Novag Diamond II.} Rxb5 {Buchbewertung Mephisto Berlin 68000: 0,00,
sieht hier keinen Vorteil} 15. Bxf6??? {und gleich der 2. berechnete Zug
ist schon die grosse Katastrophe, nach dem Textzug ist die Partie bereits
klar verloren, Komodo -2,50, eine absurde Vorstellung von Novag Diamond II
der mit den ersten beiden Zügen diese Partie praktisch abschenkt.} Nxf6 16.
Nxb5 {Novag Diamond II sieht es zumindest ein, das hilft aber naürlich auch
nichts mehr: Bewertung -2,23} Qxb5 {Mephisto Berlin 68000 ist hingegen noch
viel zu vorsichtig, nur +0,63} 17. Qc3 Bb7 {Mephisto Berlin 68000: +1,12,
wird zu recht optimistischer} 18. Qxf6 Rg8 19. Qc3 Rxg2 {rein materiell hat
ja Weiss noch Turm + Bauer gegen das Läuferpaar, das wäre ja sogar noch
ausgeglichen, die Partie ist aber klar verloren, Komodo -3,00} 20. Rhg1
{noch das Beste lt. Komodo da ist aber nichts mehr zu retten für Weiss} Bg7
{auch danach steht Schwarz klar auf Gewinn, dennoch muss die Frage erlaubt
sein: warum nicht einfach Txh2 ?? und Schwarz besitzt schon einen
Freibauern, Komodo +2,30} 21. Qa3 Qb6 22. Rxg2 Bxg2 23. f5??? {ein völlig
absurder Zug, was bitte soll das bringen ???, nach exf5 verliert Weiss
nicht nur einen Bauern ohne jede Kompensation und Schwarz besitzt einen
Freibauern, der praktisch nicht mehr aufzuhalten ist, die offenen E-Linie
bringt ja absolut nichts für den weissen Turm, da ja der Läufer auf e5 das
einfach parieren kann, also danach ist natürlich alles sofort vorbei,
Komodo -4,50, natürlich wäre auch die bestmögliche Fortsetzung Txd6 bereits
mit +2,50 für Schwarz} exf5 {na klar, was sonst} 24. h4 h5 25. Kb1 Be4 26.
Kc1 Ke7 27. Rf1 Bf6 28. Rd1 Bxh4 {Rest geschenkt -------> eine geradezu
absurde Vorstellung von Novag Diamond II der hier die Partie praktisch
schon mit den 1. beiden Zügen nach Buchende abschenkt, als Draufgabe dann
noch 23. f5 ???, UNTERIRDISCH !!!} 0-1
[/pgn]
[pgn]

[Event "Turnier 40 / 120"]
[Site "Wien"]
[Date "2022.07.29"]
[Round "28"]
[White "Mephisto Berlin 68000 - 12 MHZ"]
[Black "Novag Diamond II H8 - 32 MHZ"]
[Result "1-0"]
[BlackElo "2135"]
[WhiteElo "2138"]

{Analyse ------> Komodo 13.02.} 1. e4 e5 2. Nf3 Nc6 3. Bb5 a6 4. Ba4 Nf6 5.
O-O Nxe4 6. d4 b5 7. Bb3 d5 8. dxe5 Be6 9. Be3 Be7 10. c3 Qd7 11. Nbd2 Rd8
12. Re1 Nxd2 {Buchende} 13. Qxd2 Bg4 {Buchbewertung Novag Diamond II:
+0,15} 14. Nd4 Nxe5??? {Novag Diamond II tappt in diese Eröffnungsfalle,
der Bauer darf unter keinen Umständen genommen werden, danach ist die
Partie bereits verloren, Komodo +2,00 für Weiss mit der Fortsetzung Lh6}
15. Bh6! {der richtige Zug, Buchbewertung Mephisto Berlin 68000: +0,09
sieht noch keinen grossen Vorteil} Nc4??? {diese Partie gab es auch
zwischen Novag Diamond und Mephisto Berlin, der Novag Diamond spielte hier
noch den weit besseren Zug f6 und konnte noch ein Remis retten, der Textzug
ist der nächste gravierende Fehler, damit ist bereits alles vorbei, Komodo
-3,50} 16. Bxc4 gxh6 17. Be2 Rg8 18. Qxh6 {Mephisto Berlin 68000 sieht sich
nur knapp im Vorteil: +0,42} Rg6 {Novag Diamond II sieht sich zurecht
bereits klar im Nachteil: -1,53 Komodo -3,70} 19. Qxh7 {Mephisto Berlin
68000 erkennt den klaren Gewinn: +2,33} Kf8 20. Bd3 Rg7 21. Qh8+ Rg8 22.
Qh6+ Rg7 23. Qxa6 {ein 2. Mehrbauer für Weiss, damit ist die Partie
natürlich bereits längst gelaufen, Komodo +3,60} Qd6 24. Qxd6 Bxd6 25. Nxb5
{bereits der 3. Mehrbauer für Weiss, da ist natürlich nichts mehr zu retten
für Schwarz} Bf4 26. g3 Rb8 {deutlich besser ist noch Ld2, Komodo -4,00,
verliert aber natürlich auch schon klar mit -3,00} 27. Rab1 {besser ist a4,
aber hier gewinnt bereits jede plausible Fortsetzung, man könnte sich den
Rest bereits schenken, Komodo +3,30} Bd2 28. Nxc7?? {was soll das, die
Qualität ist doch nicht nur einen Bauern wert, völlig unverständlich,
natürlich steht Weiss auch danach noch klar auf Gewinn, aber eine unnötige
Schwächung, Komodo +2,00} Bxe1 29. Rxe1 f6 30. Nxd5 Rxb2 31. Nxf6 {Weiss
hat sich zwar mit der Hergabe der Qualität etwas geschwächt, hat aber Sage
und Schreibe 5 Bauern für die Qualität, das sollte kein Problem sein,
Komodo aber "nur" +2,00} Bh3 32. a4 Ra7 33. Bb5??? {es gibt aber noch
Tücken in diesem Endspiel, es ist nicht zu glauben und auch für den Laien
nicht offensichtlich, doch nach diesem Zug ist die Partie bereits Remis,
Komodo 0,00 mit der Fortsetzung Te7} Re7 34. Ra1 Ra2 {richtig, die schwache
Grundlinie von Weiss verhindert den Sieg, Schwarz braucht nur noch den Turm
ständig zum Abtausch anbieten und Weiss kann ihn nicht nehmen, klares Remis
somit !} 35. Rc1 {Mephisto Berlin 68000 hat davon noch keine Ahnung: +3,39}
Rc2 {Novag Diamond II ist schon deutlich optimistischer geworden, nur noch
-0,92} 36. Rd1 {Mephisto Berlin 68000: +2,06} Rd2 37. Rb1 Rb2 38. Rf1
{Mephisto Berlin 68000: +2,21 glaubt immer noch an klaren Vorteil Komodo
0,00} Rd2 {Novag Diamond II: -1,00} 39. g4 Kf7 40. Nh5 Bxf1 41. Kxf1 Rc2
42. Ng3 {Mephisto Berlin 68000 sieht sich noch klar im Vorteil: +1,78} Rxc3
{Novag Diamond II: -0,53 rein Materiell ist die Partie ausgeglichen,
Schwarz hat 2 Qualitäten für 4 Bauern, lt. Komodo ist die Stellung im Lot}
43. Kg2 Re1 44. h4 {Mephisto Berlin 68000: +2,12} Ra1 {Novag Diamond II:
-0,53 lt. Komodo alles im Lot 0,00} 45. Ne4 Rcc1 46. Kg3 Rg1+ 47. Kf4 Rh1
{nicht ganz ideal gespielt von Novag Diamond II, Weiss ist leicht im
Vorteil, Komodo +0,60} 48. Kg5 Rhe1 49. Nd6+ Ke6 50. Nc4 Rab1 {klar
schwächer als Kf7, die Partie dreht langsam aber sicher doch wieder in die
Richtung von Weiss, Komodo +1,40} 51. f4 Rbd1 {die Stellung ist verloren
für Schwarz, Komodo -3,30} 52. f5+ {das ist voreilig und verspielt den
gesamten Vorteil, Komodo 0,00, sofort gewonnen hätte Se5} Ke7? {das ist
allerdings nicht richtig, nötig war Kf7, Komodo +1,50 mit der Fortsetzung
Kg6} 53. Na5? {verspielt neuerlich den gesamten Vorteil, Komodo 0,00 mit
der Fortsetzung Kf8} Re4 54. Bc6 Re3 55. h5 Rg3 {deutlich besser ist Tc3,
Komodo +1,30 für Weiss} 56. Be4 {klar schwächer als Sc4, Komodo +0,50}
Rdg1??? {ein absoluter Verlustzug, danach ist die Partie sofort verloren,
Komodo -4,00 mit der Fortsetzung f6+, nötig war Te3 mit nur geringem
Vorteil für Weiss} 57. f6+ Kf8 58. Bf5 Ra3 59. h6 Rh3 60. Kg6 Rgh1 61. g5
Rg3 62. Nc6 Rb3 63. Ne5 Rb7 {Novag Diamond II: -10,11 --------> aufgegeben
!} 1-0
[/pgn]
[pgn]

[Event "Turnier 40 / 120"]
[Site "Wien"]
[Date "2022.07.30"]
[Round "29"]
[White "Novag Diamond II H8 - 32 MHZ"]
[Black "Mephisto Berlin 68000 - 12 MHZ"]
[Result "1-0"]
[BlackElo "2138"]
[WhiteElo "2135"]

{Analyse -----> Komodo 13.02.} 1. e4 e5 2. Nf3 Nf6 3. Nxe5 d6 4. Nf3 Nxe4
5. Qe2 Qe7 6. d3 Nf6 7. Bg5 Qxe2+ 8. Bxe2 Be7 9. Nc3 c6 10. O-O-O Na6 11.
Rhe1 Nc7 12. Ne4 Nxe4 13. dxe4 Bxg5+ 14. Nxg5 Ke7 15. f4 Ne6 16. Nh3 Nc5
17. Nf2 Rd8 {Buchende} 18. Bf3 {Buchende} Be6 {Buchbewertung Mephisto
Berlin 68000: -0,18} 19. f5 {Buchbewertung Novag Diamond II: +0,34 / lt.
Komodo steht Weiss knapp besser mit ca. +0,30} Bxa2? {ein schlechter Zug,
Komodo +1,30 mit der Fortsetzung b3, nötig war Ld7} 20. b3 Bxb3 21. cxb3
Nxb3+ {Weiss hat 3 Bauern für den Läufer erhalten, rein materiell ist es
ausgeglichen, lt. Komodo steht jedoch Weiss klar besser mit ca. +1,30, lt.
Stockfish 15 ist die Partie praktisch schon verloren für Schwarz, er
bewertet bereits mit +2,60 für Weiss} 22. Kc2 Nc5 23. Nd3? {deutlich
schwächer als e5, nach dem Textzug ist Weiss nur noch mit ca. +0,80 im
Vorteil} Nxd3 24. Rxd3 a5 {besser ist a6, Komodo +1,40 mit der Fortsetzung
e5} 25. e5 d5 {Mephisto Berlin 68000: +0,81 sieht sich klar im Vorteil,
naja, Schwarz hat immerhin 4 geschlossene Freibauern am Damenflügel, lt.
Komodo steht Weiss klar besser mit ca. +1,40} 26. Rd4 {Novag Diamond II:
+0,15, besser ist allerdings Lg4, Komodo +1,10} a4 27. Rh4 Rh8 28. f6+ gxf6
29. exf6+ Kxf6 30. Rf4+ Kg6 31. Re7 f6? {besser ist Thf8, nach dem Textzug
ist die Partie praktisch schon verloren für Schwarz, Komodo -2,20 mit der
Fortsetzung Tg4+} 32. Rg4+ Kf5?? {ganz schlecht, der König muss nach h6,
Komodo -4,00 mit der Fortsetzung T4g7} 33. Rgg7 h5 34. Bxh5 Rxh5! {noch das
Beste} 35. g4+ Kf4 36. gxh5 {Novag Diamond II: +2,15} a3 {Mephisto Berlin
68000 verkennt völlig die Lage nur -0,24 ?? / Komodo -5,00} 37. Kb1 b5
{Mephisto Berlin 68000: -1,63} 38. h6 b4 39. h7 a2+ 40. Ka1 b3 41. Rb7 Rh8
42. Rxb3 d4 43. Rb8 Rxb8 44. Rg8 Rb6 45. h8=Q {Komodo Matt in 11} Ke5 46.
Qh5+ Kd6 47. Rd8+ Kc7 {Mephisto Berlin 68000: -12,3 -----> aufgegeben !}
1-0
[/pgn]
[pgn]

[Event "Turnier 40 / 120"]
[Site "Wien"]
[Date "2022.08.01"]
[Round "30"]
[White "Mephisto Berlin 68000 - 12 MHZ"]
[Black "Novag Diamond II H8 - 32 MHZ"]
[Result "1-0"]
[BlackElo "2135"]
[WhiteElo "2138"]

{Analyse ----> Komodo 13.02.} 1. d4 Nf6 2. c4 e6 3. Nf3 b6 4. a3 Bb7 5. Nc3
d5 6. cxd5 Nxd5 7. Qc2 Nxc3 8. bxc3 c5 9. e4 Nc6 10. Bb2 Be7 11. Bd3 O-O
12. O-O cxd4 {Buchende} 13. cxd4 Rc8 {Buchbewertung Novag Diamond II:
-0,15} 14. Qe2 {Buchende} Qd6 15. Rfc1 {Buchbewertung Mephisto Berlin
68000: +0,24 / lt. Komodo steht Weiss knapp besser mit ca. +0,20} Na5 16.
Ba6 Bxa6 17. Qxa6 Nc6 18. Rc2 Rc7 19. Rac1 Nb8 20. Qa4 Rxc2 21. Qxc2 Rd8
22. Qc7 Qxc7 23. Rxc7 Rd7 {die Stellung ist im Lot} 24. Rc8+ Rd8 25. Rxd8+
Bxd8 26. d5 exd5 27. exd5 Kf8 28. d6? {dieser Vorstoss ist voreilig danach
steht Schwarz klar besser, Komodo +1,20 mit der Fortsetzung Sc6, deutlich
besser ist Kf1} f6? {nicht die richtige Fortsetung damit ist praktisch der
gesamte Vorteil wieder dahin} 29. Nd4 Ke8 30. Bc1? {ein ganz schwacher Zug,
danach ist Schwarz bereits klar im Vorteil, Komodo +1,60 mit der
Fortsetzung Kd7, nötig war Se6 und die Stellung ist im Lot} Kd7 31. Bf4
{etwas besser ist noch a4, nach dem Textzug ist die Partie praktisch schon
verloren für Weiss, Komodo +2,00 mit der Fortsetzung Sc6} Na6??? {ein ganz
schwacher Zug, der nahezu den gesamten Vorteil verspielt, Komodo +0,50 für
Schwarz mit der Fortsetzung Sb5} 32. Nb5! Nc5 33. Nxa7 Nd3 34. Be3 Kxd6 35.
Kf1 Ne5 36. Ke2 Nc4 37. Nb5+ Kd5 38. Nc3+ Ke6 39. Bc1 Be7 40. a4 {die
Stellung ist im Lot, Komodo 0,00} Bb4 41. Nb5 Kf5 42. f3 Bc5 43. Nc3 Bg1
44. h3 Ke6 45. Ne4 Kd5 46. Kd3 Ne5+ 47. Kc2 Ke6 48. f4 Nd7 49. g4 Kd5 50.
Nc3+ Kc4 51. Bd2 Nc5 52. Nb5 Ne4 53. Be1 Bh2 54. f5 Be5 55. Na3+ Kd5 56.
Nb5 g6 57. fxg6 hxg6 {die Stellung ist immer noch im Lot, Komodo 0,00} 58.
Na7 Bd4 59. Nb5 Bf2 60. Nc3+ Ke5 61. Nxe4 Bxe1 62. Kd3 Bb4 63. Ke3 f5 64.
gxf5 gxf5 65. Nf2 f4+ 66. Kf3 Kf5 67. Nd3 Bd2 68. h4 Be3 69. Nb4 Ke5 70. h5
Kf5 71. Nd5 Kg5??? {ein absurder Zug, den man nicht näher kommentieren
muss, Komodo Matt in 35 !!!!, nötig war natürlich Ld2 und es ist wohl
Remis} 72. Nxe3 fxe3 73. Kxe3 Kxh5 {Novag Diamond II: -7,65 ------>
aufgegeben !! Ein totales Blackout im Endspiel verschenkt den halben Punkt
aus Sicht von Novag Diamond II.} 1-0
[/pgn]
[pgn]